| 000 | 00393pab a2200145 454500 | ||
|---|---|---|---|
| 008 | 180718b2001 xxu||||| |||| 00| 0 eng d | ||
| 100 | _aRadhakrishnan, N. | ||
| 245 | _aGandhian strategies for holistic nonviolent social change | ||
| 260 | _c2001 | ||
| 650 | _aNonviolence | ||
| 650 | _aSocial change | ||
| 700 | _aGandhi, M.K. | ||
| 773 | _aSocial Science Research Journal | ||
| 909 | _a51884 | ||
| 999 |
_c51884 _d51884 |
||